| 000 | 01128nam a2200325 c 4500 | ||
|---|---|---|---|
| 999 |
_c344666 _d344666 |
||
| 003 | BLK | ||
| 005 | 20190927113407.0 | ||
| 008 | 180911b bul|||||r ||||||| ||bul|| | ||
| 010 | _a004332 | ||
| 040 | _aBLK | ||
| 041 |
_aFRE _cBUL |
||
| 080 | _z316.3(540)(091)954294 | ||
| 100 | 1 |
_aLOUIS de Manou _eпърви автор _9397027 |
|
| 245 | 0 | 0 |
_aLOUIS de Manou _bLes institutions religieuses et civiles des Indiens |
| 260 |
_aParis _bCrapelet _c1833 |
||
| 300 |
_aVIII, 483 с _c22 см |
||
| 380 | _a2 | ||
| 490 |
_aЧастна колекция - Академик Михаил Арнаудов _gДарение - Основен фонд |
||
| 500 | _aЗагл. Manava-Dharma-Sastra. - Михаил Арнаудов: на други лица-книга. - Михаил Арнаудов: подпис. - Бележки : Надписи от 1841 г. и 1884 г. - Дата: Lpz. 18.XII.03. | ||
| 520 | _a | ||
| 650 |
_aИстория _9397028 |
||
| 655 |
_aРелигии _9396805 |
||
| 700 | 1 |
_aExposees par Bhrigou _9397029 |
|
| 700 | 1 |
_a Trad. du sanskrit par A. Loiseleur Deslongchamps _9397030 |
|
| 852 |
_aМА 489 _bМА |
||
| 942 |
_cKNG _n0 _s1 |
||
| 944 |
_aCR _c1995 _kValK |
||
| 999 | _d344666 | ||